<?xml version="1.0" encoding="UTF-8"?>
<record
    xmlns:xsi="http://www.w3.org/2001/XMLSchema-instance"
    xsi:schemaLocation="http://www.loc.gov/MARC21/slim http://www.loc.gov/standards/marcxml/schema/MARC21slim.xsd"
    xmlns="http://www.loc.gov/MARC21/slim">

  <leader>01617naa a2200241 i 4500</leader>
  <controlfield tag="001">1416</controlfield>
  <controlfield tag="003">KOSZ 005</controlfield>
  <controlfield tag="005">20180228094642.0</controlfield>
  <controlfield tag="008">150615s2002    pl  n  f     |100  0eng</controlfield>
  <datafield tag="040" ind1=" " ind2=" ">
    <subfield code="c">BPK</subfield>
    <subfield code="d">KOSZ 005/EG</subfield>
  </datafield>
  <datafield tag="041" ind1=" " ind2=" ">
    <subfield code="a">eng</subfield>
  </datafield>
  <datafield tag="044" ind1=" " ind2=" ">
    <subfield code="a">POL</subfield>
  </datafield>
  <datafield tag="100" ind1="1" ind2=" ">
    <subfield code="a">TARNOWSKI, Wojciech.</subfield>
    <subfield code="d">1996 - .</subfield>
    <subfield code="b">Politechnika Koszali&#x144;ska - Wydzia&#x142; Mechaniczny,</subfield>
    <subfield code="c">Katedra System&#xF3;w Sterowania</subfield>
  </datafield>
  <datafield tag="245" ind1="1" ind2="0">
    <subfield code="a">Poly-optimisation as a paradigm of an inverse problem or towards the general structure of engineering tasks /</subfield>
    <subfield code="c">Wojciech Tarnowski.</subfield>
  </datafield>
  <datafield tag="246" ind1="3" ind2="1">
    <subfield code="a"> Polioptymalizacja jako paradygmat zadania odwrotnego czyli o og&#xF3;lnej strukturze zada&#x144; in&#x17C;ynierskich</subfield>
  </datafield>
  <datafield tag="500" ind1=" " ind2=" ">
    <subfield code="a">Dane z autopsji.</subfield>
  </datafield>
  <datafield tag="520" ind1=" " ind2=" ">
    <subfield code="a">Dla danego modelu matematycznego mamy zadanie odwrotne, gdy znane jest rozwi&#x105;zanie a szukane argumenty. Pokazano przyk&#x142;ady oraz wymieniono typowe przypadki gdy zadanie jest formu&#x142;owane jako problem odwrotny. Wymieniono standardowe metody rozwi&#x105;zywania zada&#x144; odwrotnych. Podkre&#x15B;lono szczeg&#xF3;ln&#x105; rol&#x119; polioptymalizacji. Na bazie uog&#xF3;lnionej struktury procesu projektowania wykazano, &#x17C;e zadanie projektowe jest problemem odwrotnym.</subfield>
  </datafield>
  <datafield tag="650" ind1=" " ind2="0">
    <subfield code="a">Modele matematyczne.</subfield>
  </datafield>
  <datafield tag="655" ind1=" " ind2="0">
    <subfield code="a">Materia&#x142;y konferencyjne.</subfield>
  </datafield>
  <datafield tag="773" ind1="0" ind2=" ">
    <subfield code="i">W :</subfield>
    <subfield code="t">Polioptymalizacja i komputerowe wspomaganie projektowania : Mielno 2002 / [red. nauk.] Wojciech Tarnowski, Tomasz Kiczkowiak. -</subfield>
    <subfield code="d">Warszawa : Wydaw. Naukowo-Techniczne, 2002. -</subfield>
    <subfield code="g">s. 251-260</subfield>
  </datafield>
  <datafield tag="711" ind1="2" ind2="2">
    <subfield code="a">Og&#xF3;lnopolska Konferencja Polioptymalizacja i Komputerowe Wspomaganie Projektowania</subfield>
    <subfield code="n">(20 ;</subfield>
    <subfield code="d">2002 ;</subfield>
    <subfield code="c">Koszalin / Mielno, Polska).</subfield>
    <subfield code="p">Mielno 2002</subfield>
  </datafield>
  <datafield tag="942" ind1=" " ind2=" ">
    <subfield code="c">ROZ</subfield>
    <subfield code="2">UKD</subfield>
  </datafield>
  <datafield tag="999" ind1=" " ind2=" ">
    <subfield code="c">1416</subfield>
    <subfield code="d">1416</subfield>
  </datafield>
  <datafield tag="952" ind1=" " ind2=" ">
    <subfield code="0">0</subfield>
    <subfield code="1">0</subfield>
    <subfield code="4">0</subfield>
    <subfield code="7">0</subfield>
    <subfield code="a">BPK</subfield>
    <subfield code="b">BPK</subfield>
    <subfield code="o">64322</subfield>
    <subfield code="y">ROZ</subfield>
  </datafield>
</record>
